<?xml version="1.0" encoding="UTF-8"?><?xml-stylesheet type="text/xsl" href="static/style.xsl"?><OAI-PMH xmlns="http://www.openarchives.org/OAI/2.0/" xmlns:xsi="http://www.w3.org/2001/XMLSchema-instance" xsi:schemaLocation="http://www.openarchives.org/OAI/2.0/ http://www.openarchives.org/OAI/2.0/OAI-PMH.xsd"><responseDate>2026-04-17T23:22:55Z</responseDate><request verb="GetRecord" identifier="oai:www.recercat.cat:20.500.12327/2869" metadataPrefix="marc">https://recercat.cat/oai/request</request><GetRecord><record><header><identifier>oai:recercat.cat:20.500.12327/2869</identifier><datestamp>2025-10-22T11:30:32Z</datestamp><setSpec>com_2072_4428</setSpec><setSpec>com_2072_4427</setSpec><setSpec>col_2072_487898</setSpec></header><metadata><record xmlns="http://www.loc.gov/MARC21/slim" xmlns:dcterms="http://purl.org/dc/terms/" xmlns:xsi="http://www.w3.org/2001/XMLSchema-instance" xmlns:doc="http://www.lyncode.com/xoai" xsi:schemaLocation="http://www.loc.gov/MARC21/slim http://www.loc.gov/standards/marcxml/schema/MARC21slim.xsd">
   <leader>00925njm 22002777a 4500</leader>
   <datafield ind2=" " ind1=" " tag="042">
      <subfield code="a">dc</subfield>
   </datafield>
   <datafield ind2=" " ind1=" " tag="720">
      <subfield code="a">Pradas, Nicole</subfield>
      <subfield code="e">author</subfield>
   </datafield>
   <datafield ind2=" " ind1=" " tag="720">
      <subfield code="a">Jurado-Ruiz, Federico</subfield>
      <subfield code="e">author</subfield>
   </datafield>
   <datafield ind2=" " ind1=" " tag="720">
      <subfield code="a">Onielfa, Carles</subfield>
      <subfield code="e">author</subfield>
   </datafield>
   <datafield ind2=" " ind1=" " tag="720">
      <subfield code="a">Arús, Pere</subfield>
      <subfield code="e">author</subfield>
   </datafield>
   <datafield ind2=" " ind1=" " tag="720">
      <subfield code="a">Aranzana, Maria José</subfield>
      <subfield code="e">author</subfield>
   </datafield>
   <datafield ind2=" " ind1=" " tag="260">
      <subfield code="c">2024-02-03</subfield>
   </datafield>
   <datafield ind2=" " ind1=" " tag="520">
      <subfield code="a">Pedigree-based analyses’ prime role is to unravel relationships between individuals in breeding programs and germplasms. This is critical information for decoding the genetics underlying main inherited traits of relevance, and unlocking the genotypic variability of a species to carry out genomic selections and predictions. Despite the great interest, current lineage visualizations become quite limiting in terms of public display, exploration, and tracing of traits up to ancestral donors. PERSEUS is a user-friendly, intuitive, and interactive web-based tool for pedigree visualizations represented as directed graph networks distributed using a force-repulsion method. The visualizations do not only showcase&#xd;
individual relationships among accessions, but also facilitate a seamless search and download of phenotypic traits along the pedigrees. &#xd;
PERSEUS is a promising tool for breeders and scientists, advantageous for evolutionary, genealogy, and diversity analyses among related accessions and species.</subfield>
   </datafield>
   <datafield ind1="8" ind2=" " tag="024">
      <subfield code="a">Pradas, Nicole, Federico Jurado-Ruiz, Carles Onielfa, Pere Arús, and María José Aranzana. 2024. “PERSEUS: An Interactive and Intuitive Web-based Tool for Pedigree Visualization.” Bioinformatics, February. https://doi.org/10.1093/bioinformatics/btae060.</subfield>
   </datafield>
   <datafield ind1="8" ind2=" " tag="024">
      <subfield code="a">1367-4811</subfield>
   </datafield>
   <datafield ind1="8" ind2=" " tag="024">
      <subfield code="a">http://hdl.handle.net/20.500.12327/2869</subfield>
   </datafield>
   <datafield ind1="8" ind2=" " tag="024">
      <subfield code="a">https://doi.org/10.1093/bioinformatics/btae060</subfield>
   </datafield>
   <datafield ind2="0" ind1="0" tag="245">
      <subfield code="a">PERSEUS: an interactive and intuitive web-based tool for pedigree visualization</subfield>
   </datafield>
</record></metadata></record></GetRecord></OAI-PMH>